ბათუმის შოთა რუსთაველის სახელმწიფო უნივერსიტეტის ბიბლიოთეკა

გაგრა / (ბიბ.ჩანაწერი № 61984)

000 -ლიდერი
ფიქსირებული სიგრძის საკონტროლო ველი 00819nam a22002057a 4500
003 - საკონტროლო ნომრის იდენტიფიკატორი
საკონტროლო ველი Ge_BSU
005 - ბოლო ოპერაციის თარიღი და დრო
საკონტროლო ველი 20240619101339.0
008 - ფიქსირებული სიგრძის მონაცემთა ელემენტები - ზოგადი ინფორმაცია
ფიქსირებული სიგრძის საკონტროლო ველი 240619s1954 ge ||||| |||| 00| 0 geo d
041 ## - ენის კოდი
Language code of text/sound track or separate title geo
080 ## - უნივერსალური ათობითი კლასიფიკაციის ინდექსი
Universal Decimal Classification number 615.838(479.224) გ-63
100 ## - მთავარი ჩანაწერი - პიროვნების სახელი
Personal name გოკიელი, ვ.
9 (RLIN) 22484
245 ## - ცნობა სათაურის შესახებ
Title გაგრა /
Statement of responsibility, etc ვ. გოკიელი; რედ. ს. საყვარელიძე.
264 ## - წარმოების, გამოცემის, დისტრიბუციის და სხვა ცნობები
გამოცემის, წარმოების, დისტრიბუციის... ადგილი თბილისი :
გამოცემის, წარმოების, დისტრიბუციის... სახელწოდება საქმედგამი,
გამოცემის, წარმოების, დისტრიბუციის... თარიღი 1954.
300 ## - ფიზიკური აღწერა
Extent 46 გვ. :
Other physical details 12ფ. ილ. ;
Dimensions 21 სმ.
504 ## - BIBLIOGRAPHY, ETC. NOTE
Bibliography, etc ბიბლიოგრ.: გვ. 44-45.
653 ## - INDEX TERM--UNCONTROLLED
Uncontrolled term გაგრა
653 ## - INDEX TERM--UNCONTROLLED
Uncontrolled term აფხაზეთის კურორტები
700 ## - ADDED ENTRY--PERSONAL NAME
Personal name საყვარელიძე, ს.
Relator term რედაქტორი
9 (RLIN) 22485
942 ## - ADDED ENTRY ELEMENTS (KOHA)
Source of classification or shelving scheme
Koha item type წიგნი
ეგზემპლარები
ჩამოწერის სტატუსი დაკარგული ეგზემპლარის სტატუსი კლასიფიკაციის წყარო ან თაროზე გაწყობის სქემა დაზიანების სტატუსი არ გაიცემა მუდმივი მდებარეობა (დაცვის ადგილი) ამჟამინდელი ადგილსამყოფელი თაროზე განთავსების ადგილი შეძენის თარიღი ღირებულება, შესყიდვის ნორმალური ფასი სრული შენახვის შიფრი შტრიხკოდი ბოლო ოპერაციის თარიღი ეგზემპლარის მიმდევრობითი ნომერი (კეტერი?) ფასის ძალაში შესვლის თარიღი ეგზემპლარის სახეობა საჯარო შენიშვნა
          ბათუმის შოთა რუსთაველის სახელმწიფო უნივერსიტეტის მთავარი ბიბლიოთეკა ბათუმის შოთა რუსთაველის სახელმწიფო უნივერსიტეტის მთავარი ბიბლიოთეკა წიგნსაცავი 2024-06-19 0.46 615.838(479.224) გ-63 68258 2024-06-19 68258 2024-06-19 წიგნი 0.46 ლ.
          ბათუმის შოთა რუსთაველის სახელმწიფო უნივერსიტეტის მთავარი ბიბლიოთეკა ბათუმის შოთა რუსთაველის სახელმწიფო უნივერსიტეტის მთავარი ბიბლიოთეკა წიგნსაცავი 2024-06-19 0.46 615.838(479.224) გ-63 68259 2024-06-19 68259 2024-06-19 წიგნი 0.46 ლ.